One Piece quiz ultime 3 - Arc Village de Sirop - Statistiques

Statistiques générales
  • Ce quiz a été pris 27 fois
  • Le résultat moyen est 30 sur 73
Statistiques - réponses
Question Réponse % Correct
Quel âge a Usopp ? 17 ans
95%
Que contenaient les coffres au final ? Rien
95%
Comment s'appelle le continent rouge qui sépare la mer en deux ? Redline
90%
Dans quoi Gaimon est-il bloqué ? Un coffre
90%
Combien y avait-il de coffre au trésor sur l'île ? 5
80%
Comment s'appelle l'équipage de Kuro ? Équipage du Chat Noir
80%
Que Luffy veut-il que Kaya lui donne ? Son bateau
80%
Qui est le père d'Usopp ? Yasopp
80%
Quel bateau Kaya et Merry donnent-ils à Luffy ? Going Merry / Vogue Merry
75%
Quel est le surnom de Jango ? L'hypnotiseur / L'opportuniste
75%
Avant d'être bloqué sur l'île, quelle était l'activité de Gaimon ? Pirate
75%
Depuis combien de temps les parents de Kaya sont-ils morts ? 1 an
70%
De quoi sont morts les parents de Kaya ? De maladie
70%
Quel est le cadeau que Kaya voulait offrir à Kuro ? Des lunettes
70%
Depuis combien de temps Usopp raconte des histoire à Kaya ? 1 an
65%
Depuis combien de temps Kuro est-il un majordome ? 3 ans
65%
Quelle partie du navire Luffy a-t-il arraché ? La proue
65%
Que veux devenir Kaya ? Médecin
65%
Que Jango force Kaya à rédiger ? Son testament
65%
Qu'a versé Usopp dans la pente de l'île pour ralentir les pirates ? De l'huile
60%
Que Sham vole-t-il à Zoro ? Deux sabres
60%
Quel est le montant de la prime de Kuro ? 16.000.000
55%
Depuis combien de temps Gaimon est-il sur l'île ? 20 ans
55%
Quel est la prime de Jango ? 9.000.000
55%
Sur quelle île se trouve Gaimon ? Sur l'île des Animaux Rares
55%
Qui tire sur Usopp quand ce dernier essaie d'emmener Kaya de force ? Merry
50%
Qui est le Marine qui a arrêté le faux Kuro ? Morgan
50%
À quelle créature Usopp compare-t-il le lézard qu'il voulait attraper étant petit ? Un dragon
50%
Depuis combien de temps l'équipage d'Usopp existe-t-il ? 5 ans
45%
Combien de temps Kuro accorde-t-il pour que Sham et Buchi battent Zoro ? 5 minutes
45%
À combien s'élève la prime de Sham et Buchi ? 7.000.000
45%
Avec quoi Kuro remonte-t-il ses lunettes ? Avec ses paumes
45%
Quel était le nom de Kuro quand il travaillait pour Kaya ? Klahadoll / Klahadore
45%
Comment est surnommé Grand Line ? Le cimetière des pirates
45%
Quel est l'objectif de Kuro ? Tuer Kaya et obtenir sa fortune
40%
Quel est la phrase que doit dire Jango pour que son hypnose fonctionne ? Un, deux, Jango
40%
Comment s'appelait la mère d'Usopp ? Banchina / Bankina
30%
À quelle créature Usopp compare-t-il le chien qu'il voulait attraper étant petit ? Cerbère
30%
Quelle technique Luffy utilise-t-il face aux pirates de Kuro hypnotisés ? Gum Gum Rafale / Gomu Gomu no Gatling Gun
30%
Que Jango a-t-il mangé pour avoir des pouvoir d'hypnose ? Un champignon
30%
Quel objet utilise Carotte pour se défendre ? Une poêle
30%
Combien Usopp a-t-il apparemment d'hommes sous ses ordres ? 80.000.000
25%
À qui Usopp a-t-il offert le poisson rouge géant ? Au royaume des lutins
25%
Où Luffy se prend-t-il l'arme de Jango quand il est reveillé par Nami ? Dans la tête
25%
Quand Usopp a affronté le poisson rouge géant il a débarqué sur une île, mais en réalité cette île était... Son caca
25%
Avec quelle technique Zoro bat-il Sham et Buchi ? Tiger Slash /Tora Gari
25%
Quel objet utilise Piment pour se défendre ? Une batte
25%
Avec quoi Luffy brise l'un des gants de Kuro ? Avec un rocher
20%
Quel est le premier animal que rencontre Luffy sur l'île ? Cocox le coq-renard
20%
Comment sont surnommés Sham et Buchi ? Frères Nyaban
20%
Quel est le rôle de Gaimon sur l'île ? Gardien de la forêt
20%
Quelle technique Luffy utilise-t-il pour battre Kuro ? Gum Gum Coup d'Boule /Gomu Gomu no Kane
20%
Quelle technique de Luffy consiste à joindre ses pieds pour les projeter vers son adversaire ? Gum Gum Lance /Gomu Gomu no Yari
20%
Quelle est le surnom de Kuro ? Le machiavélique /Aux Cents Plans
20%
Quelle technique de Kuro permet-elle de se déplacer sans faire de bruit ? Patte de Velours / Nuki Ashi
20%
Quelle technique de Kuro lui fait perdre toute capacité de discernement ? Secousse Mortelle /Shakushi
20%
Quelle technique Usopp utilise-t-il pour battre Jango ? Bille Incendiaire /Kayaku Boshi
15%
Quelles armes utilise Jango pour se battre et hypnotiser ? Des chakrams
15%
Quelle farce et attrape Usopp et Nami ont lancés aux pirates ? Des chausse-trappes
15%
Quelles armes utilise Kuro ? Des gants griffés
15%
Quel est le rêve de Piment ? Devenir charpentier
15%
Quel est le rêve d'Oignon ? Devenir écrivain
15%
Quelle technique de Buchi consiste à écraser son adversaire avec son pied ? Le Piétinement du Chat /Cat the Funjatta
15%
Sur quelle archipel se trouve le village de Sirop ? Sur l'archipel des Gekko
15%
Quel objet utilise Oignon pour se défendre ? Une pelle
15%
Selon Usopp quel animal légendaire s'est introduit chez Kaya ? Une taupe
15%
Quel est le nom du navire de Kuro ? Bezan Black
10%
Quel est le rêve de Carotte ? Devenir tavernier
10%
Quel est le rôle de Sham et Buchi dans leur équipage ? Gardiens du navire
10%
Comment s'appelle le lance-pierre d'Usopp ? Ginga Pachinko
10%
Quelle est la particularité du dos de Sham ? Il est voûté
10%
Sur quel bateau naviguait Gaimon à l'époque ? Machina Hallelujah
10%
Dans quelle restaurant Usopp amène-t-il Luffy, Zoro et Nami ? Meshi
10%
Aucun quiz correspondant
Distribution des résultats
% des personnes avec chaque résultat
Percentile par nombre de réponses
Votre historique - résultats
Vous n’avez pas pris ce quiz